Soal-soal politik militer di Indonesia. (Record no. 69501)
[ view plain ]
| 000 -LEADER | |
|---|---|
| fixed length control field | 00719cam a22002291 4500 |
| 001 - CONTROL NUMBER | |
| control field | sa 66004580 |
| 003 - CONTROL NUMBER IDENTIFIER | |
| control field | DLC |
| 005 - DATE AND TIME OF LATEST TRANSACTION | |
| control field | 20260227112243.0 |
| 008 - FIXED-LENGTH DATA ELEMENTS--GENERAL INFORMATION | |
| fixed length control field | 761202s1956 io 000 0 ind |
| 010 ## - LIBRARY OF CONGRESS CONTROL NUMBER | |
| LC control number | sa 66004580 |
| 035 ## - SYSTEM CONTROL NUMBER | |
| System control number | (OCoLC)2591513 |
| 040 ## - CATALOGING SOURCE | |
| Original cataloging agency | DLC |
| Transcribing agency | IDeKN |
| Modifying agency | OCoLC |
| -- | DLC |
| 042 ## - AUTHENTICATION CODE | |
| Authentication code | premarc |
| 050 00 - LIBRARY OF CONGRESS CALL NUMBER | |
| Classification number | UA853.I5 |
| Item number | S53 |
| 100 1# - MAIN ENTRY--PERSONAL NAME | |
| Personal name | Simatupang, T. B. |
| Fuller form of name | (Tahi Bonar), |
| Dates associated with a name | 1920- |
| 245 10 - TITLE STATEMENT | |
| Title | Soal-soal politik militer di Indonesia. |
| 260 ## - PUBLICATION, DISTRIBUTION, ETC. | |
| Place of publication, distribution, etc. | [Djakarta] |
| Name of publisher, distributor, etc. | Gaya Raya, |
| Date of publication, distribution, etc. | 1956. |
| 300 ## - PHYSICAL DESCRIPTION | |
| Extent | 136 p. |
| Other physical details | illus., ports. |
| Dimensions | 20 cm. |
| 500 ## - GENERAL NOTE | |
| General note | "Undang-undang no. 29 tahun 1954": p. 132-135. |
| 651 #0 - SUBJECT ADDED ENTRY--GEOGRAPHIC NAME | |
| Geographic name | Indonesia |
| General subdivision | Defenses. |
| 710 1# - ADDED ENTRY--CORPORATE NAME | |
| Corporate name or jurisdiction name as entry element | Indonesia. |
| Form subheading | Laws, statutes, etc. |
| Miscellaneous information | Undang-undang no. 29 tahun 1954. |
No items available.